000 00625nam a2200229Ia 4500
003 OSt
005 20221007071233.0
006 a|||||r|||| 00| 0
007 ta
008 221006b |||||||| |||| 00| 0 eng d
024 _a14,989
037 _cTextual
040 _aFLL
_cFLL
_beng
041 _2eng
_aeng
082 _aX:96.3.N6, K8
100 _aRobertson N. Au.
_9688389
245 0 _aTrade unions and inductrial relations
260 _aLondon
_bBusiness books limited London
_c1968
300 _a214p
_ccm.
942 _hX:96.3.N6, K8
_cTEXL
_2CC
999 _c1142838
_d1142838